South Asian bond markets :developing long-term finance for growth(E-BOOK) (Record no. 193246)
[ view plain ]
| 000 -LEADER | |
|---|---|
| fixed length control field | 01034 a2200313 4500 |
| 003 - CONTROL NUMBER IDENTIFIER | |
| control field | Nust |
| 005 - DATE AND TIME OF LATEST TRANSACTION | |
| control field | 20170207154054.0 |
| 010 ## - LIBRARY OF CONGRESS CONTROL NUMBER | |
| LC control number | 2008031703 |
| 020 ## - INTERNATIONAL STANDARD BOOK NUMBER | |
| International Standard Book Number | 0821376012 |
| 020 ## - INTERNATIONAL STANDARD BOOK NUMBER | |
| International Standard Book Number | 0821376020 (electronic) |
| 020 ## - INTERNATIONAL STANDARD BOOK NUMBER | |
| International Standard Book Number | 9780821376010 |
| 020 ## - INTERNATIONAL STANDARD BOOK NUMBER | |
| International Standard Book Number | 9780821376027 (electronic) |
| 035 ## - SYSTEM CONTROL NUMBER | |
| System control number | (OCoLC)230195412 |
| 035 ## - SYSTEM CONTROL NUMBER | |
| System control number | (OCoLC)ocn230195412 |
| 040 ## - CATALOGING SOURCE | |
| Transcribing agency | Nust |
| 082 00 - DEWEY DECIMAL CLASSIFICATION NUMBER | |
| Classification number | 332.63/230954 |
| 100 1# - MAIN ENTRY--PERSONAL NAME | |
| Personal name | Sophastienphong, Kiatchai. |
| 245 10 - TITLE STATEMENT | |
| Title | South Asian bond markets :developing long-term finance for growth(E-BOOK) |
| Statement of responsibility, etc. | Kiatchai Sophastienphong, Yibin Mu, Carlotta Saporito. |
| 260 ## - PUBLICATION, DISTRIBUTION, ETC. | |
| Place of publication, distribution, etc. | Washington, D.C. : |
| Name of publisher, distributor, etc. | World Bank, |
| Date of publication, distribution, etc. | c2008. |
| 300 ## - PHYSICAL DESCRIPTION | |
| Extent | xxvi, 195 p. : |
| Other physical details | ill., col. map ; |
| Dimensions | 23 cm. |
| 500 ## - GENERAL NOTE | |
| General note | Col. map on p. [2] of cover. |
| 650 #0 - SUBJECT ADDED ENTRY--TOPICAL TERM | |
| Topical term or geographic name entry element | Bond market |
| Geographic subdivision | South Asia. |
| 650 #0 - SUBJECT ADDED ENTRY--TOPICAL TERM | |
| Topical term or geographic name entry element | Finance |
| Geographic subdivision | South Asia. |
| 651 ## - SUBJECT ADDED ENTRY--GEOGRAPHIC NAME | |
| Geographic name | E-BOOK |
| 700 1# - ADDED ENTRY--PERSONAL NAME | |
| Personal name | Mu, Yibin, |
| Dates associated with a name | 1968- |
| 700 1# - ADDED ENTRY--PERSONAL NAME | |
| Personal name | Saporito, Carlotta, |
| Dates associated with a name | 1981- |
| 710 2# - ADDED ENTRY--CORPORATE NAME | |
| Corporate name or jurisdiction name as entry element | World Bank. |
| 856 41 - ELECTRONIC LOCATION AND ACCESS | |
| Materials specified | Table of contents only |
| Uniform Resource Identifier | <a href="http://www.loc.gov/catdir/toc/ecip0823/2008031703.html">http://www.loc.gov/catdir/toc/ecip0823/2008031703.html</a> |
| 942 ## - ADDED ENTRY ELEMENTS (KOHA) | |
| Source of classification or shelving scheme | |
| Koha item type | Book |
| Withdrawn status | Lost status | Source of classification or shelving scheme | Damaged status | Not for loan | Collection code | Permanent Location | Current Location | Date acquired | Total Checkouts | Full call number | Barcode | Date last seen | Price effective from | Koha item type |
|---|---|---|---|---|---|---|---|---|---|---|---|---|---|---|
| Military College of Signals (MCS) | Military College of Signals (MCS) | 12/12/2016 | 332.63/230954 SOP | MCSEB-2958 | 12/08/2016 | 12/12/2016 | Book |
